00836nam a22002177a 4500999001900000005001700019010001500036020003100051035001400082037001300096082001600109245013100125260004100256270005900297300002400356500003700380700001900417700002400436942003000460952012800490 c167379d16737920220215122810.0 aENG-126368 c1395.00a978-0-19-948995-4 aEN-109900 bDBAD/PUB a345.5402555 aConflict in the Shared Household:bDomestic Violence and the Law in India/cedited by Indira Jaising [and] Pinki Mathur Anurag bOxford University Pressc2019aDelhi a2/11 Ground Floor,Ansari Road,DaryaganjbDelhie110002 axvii409p.c23cm(hb) aIncludes index and bibliography. aJaising,Indira aAnurag,Pinki Mathur 2ddccENh345.5402555mCON 001040708NFICaAVbAVd2019-08-30eDBAD/PUBg1395.00l0o345.5402555 CONpEN-109900r2019-08-30 00:00:00t1v1395.00yEN